[Event "Online Olym Disabilities"]
[Site "Tornelo INT"]
[Date "2020.11.25"]
[Round "5.7"]
[White "Kovacevic, Krsto"]
[Black "Gaspar, Muriel Aranka"]
[Result "1-0"]
[WhiteElo "2117"]
[BlackElo "1423"]
[PlyCount "83"]
[EventDate "2020.11.21"]
[EventType "team-swiss (rapid)"]
[EventRounds "7"]
[EventCountry "NET"]
[SourceTitle "CBM 199 Extra"]
[Source "ChessBase"]
[SourceDate "2021.01.31"]
[SourceVersion "1"]
[SourceVersionDate "2021.01.31"]
[SourceQuality "1"]
[WhiteTeam "Croatia"]
[BlackTeam "Hungary"]
[WhiteTeamCountry "CRO"]
[BlackTeamCountry "HUN"]

1. e4 d5 2. exd5 Qxd5 3. Nf3 Bf5 4. d4 Nf6 5. c4 Qd8 6. Nc3 e6 7. a3 c6 8. Be2 Bd6 9. 0-0 0-0 10. h3 h6 11. Be3 Qc7 12. c5 Be7 13. Qd2 Ne4 14. Nxe4 Bxe4 15. Bf4 Qd8 16. Ne5 Nd7 17. Nc4 Nf6 18. Bd6 Bxd6 19. Nxd6 Qd7 20. Qe3 Bg6 21. Bf3 Ne8 22. Nc4 Qe7 23. Ne5 Bh7 24. Rfe1 Nf6 25. Nc4 Rad8 26. b4 Nd5 27. Bxd5 Rxd5 28. Nd6 Rd8 29. Rad1 Qd7 30. Qg3 Rg5 31. Qf3 Bc2 32. Rd2 Bg6 33. Re5 Rxe5 34. dxe5 Qe7 35. Qe3 Kf8 36. Nxb7 Rxd2 37. Qxd2 Be4 38. Qd6 Bd5 39. Qb8+ Qe8 40. Qxa7 Kg8 41. Nd6 Qf8 42. Qd7 1-0

[Event "Zagreb Damjanovic Memorial 3rd"]
[Site "Zagreb"]
[Date "2019.11.12"]
[Round "4"]
[White "Vitaljic, Nebojsa"]
[Black "Kovacevic, Krsto"]
[Result "0-1"]
[WhiteElo "1941"]
[BlackElo "2117"]
[PlyCount "60"]
[EventDate "2019.11.09"]
[EventType "swiss"]
[EventRounds "9"]
[EventCountry "CRO"]
[SourceTitle "CBM 193 Extra"]
[Source "ChessBase"]
[SourceDate "2020.01.31"]
[SourceVersion "1"]
[SourceVersionDate "2020.01.31"]
[SourceQuality "1"]

1. c4 e5 2. g3 Nf6 3. Bg2 h6 4. Nf3 e4 5. Nd4 d5 6. cxd5 Qxd5 7. Nb3 Qh5 8. Nc3 Bh3 9. Kf1 Nc6 10. a3 0-0-0 11. Qc2 Bd6 12. Bxh3+ Qxh3+ 13. Kg1 Rhe8 14. Nd1 Ng4 15. Ne3 Nxe3 16. dxe3 f5 17. Bd2 g5 18. Qd1 f4 19. Qf1 Qe6 20. Nd4 Nxd4 21. exd4 e3 22. Bc3 exf2+ 23. Qxf2 fxg3 24. hxg3 Rf8 25. Qe1 Qe3+ 26. Kg2 Rf7 27. Rxh6 Rdf8 28. Rxd6 Rf2+ 29. Kh3 Rh8+ 30. Kg4 Qe4+ 0-1

[Event "IPCA Wch 19th"]
[Site "Ruzomberok"]
[Date "2019.07.02"]
[Round "5"]
[White "Lipilin, Ilia"]
[Black "Kovacevic, Krsto"]
[Result "1-0"]
[WhiteElo "2084"]
[BlackElo "2049"]
[PlyCount "53"]
[EventDate "2019.06.28"]
[EventType "swiss"]
[EventRounds "9"]
[EventCountry "SVK"]
[SourceTitle "CBM 191 Extra"]
[Source "ChessBase"]
[SourceDate "2019.09.30"]
[SourceVersion "1"]
[SourceVersionDate "2019.09.30"]
[SourceQuality "1"]

1. d4 Nf6 2. c4 e6 3. Nc3 Bb4 4. f3 c5 5. d5 d6 6. e4 0-0 7. Bd3 b5 8. Nge2 a6 9. 0-0 exd5 10. Nxd5 Nxd5 11. exd5 bxc4 12. Bxc4 Nd7 13. Qc2 Ne5 14. Ng3 Qh4 15. Be2 f5 16. f4 Ng4 17. Bxg4 Qxg4 18. a3 Ba5 19. Qa4 Bb6 20. Qc6 Rb8 21. Qxd6 c4+ 22. Kh1 Ba7 23. Be3 Rf6 24. Qe5 Bxe3 25. Qxb8 Rh6 26. Qxc8+ Kf7 27. Qxf5+ 1-0

[Event "CRO Cup"]
[Site "Mali Losinj"]
[Date "2018.05.18"]
[Round "4.134"]
[White "Kovacevic, Krsto"]
[Black "Bukal, Vladimir Jr"]
[Result "0-1"]
[WhiteElo "2085"]
[BlackElo "2388"]
[PlyCount "128"]
[EventDate "2018.05.16"]
[EventType "team-swiss"]
[EventRounds "6"]
[EventCountry "CRO"]
[SourceTitle "CBM 184 Extra"]
[Source "ChessBase"]
[SourceDate "2018.06.28"]
[SourceVersion "1"]
[SourceVersionDate "2018.06.28"]
[SourceQuality "1"]
[WhiteTeam "Zagreb Uriho"]
[BlackTeam "Sesvete Sljeme"]
[WhiteTeamCountry "CRO"]
[BlackTeamCountry "CRO"]

1. d4 e6 2. Nf3 f5 3. Bf4 Nf6 4. e3 b6 5. Be2 Bb7 6. 0-0 Bd6 7. Ne5 0-0 8. c4 Ne4 9. Bf3 Be7 10. h3 d6 11. Nd3 Nd7 12. Bh2 Bf6 13. Nc3 g5 14. Bxe4 fxe4 15. Nc1 Bg7 16. N1e2 Nf6 17. b4 Qe7 18. Rb1 g4 19. hxg4 Nxg4 20. Bg3 Qg5 21. Qd2 Rf6 22. Nf4 Rh6 23. Nce2 e5 24. Nh3 Qg6 25. d5 Rf8 26. Rb3 Bc8 27. Kh1 Rh5 28. Neg1 Nh6 29. Bh2 Nf7 30. f4 exf3 31. Rxf3 Ng5 32. Rxf8+ Bxf8 33. Nxg5 Rxg5 34. Qf2 Rg4 35. e4 Rxe4 36. Rf3 Bg7 37. Rg3 Rg4 38. Rxg4 Bxg4 39. Qh4 Bf6 40. Qg3 Qe4 41. Qb3 h5 42. Qa4 h4 43. Qb3 Kg7 44. Nh3 Qe1+ 45. Bg1 e4 46. Qe3 Qxe3 47. Bxe3 Be2 48. c5 Kf7 49. Ng5+ Bxg5 50. Bxg5 Bc4 51. cxb6 cxb6 52. a3 Bxd5 53. Kg1 Ke6 54. Kf2 Bc6 55. Ke3 Kd5 56. Be7 b5 57. Bxh4 Kc4 58. Be7 d5 59. Bc5 a5 60. g4 a4 61. g5 Be8 62. Bd6 Bg6 63. Bc5 Kc3 64. Bd6 d4+ 0-1

[Event "Zagreb Damjanovic Memorial 1st"]
[Site "Zagreb"]
[Date "2016.11.16"]
[Round "8"]
[White "Kovacevic, Krsto"]
[Black "Katulic, Zlatko"]
[Result "1-0"]
[WhiteElo "2053"]
[BlackElo "1702"]
[PlyCount "99"]
[EventDate "2016.11.10"]
[EventType "swiss"]
[EventRounds "9"]
[EventCountry "CRO"]
[SourceTitle "CBM 175 Extra"]
[Source "ChessBase"]
[SourceDate "2016.12.12"]
[SourceVersion "1"]
[SourceVersionDate "2016.12.12"]
[SourceQuality "1"]

1. e4 d6 2. d4 g6 3. Nc3 Bg7 4. f4 c6 5. Nf3 Bg4 6. Be3 Nd7 7. h3 Bxf3 8. Qxf3 e6 9. Bd3 Ne7 10. 0-0-0 Qa5 11. g4 f5 12. h4 Nf6 13. gxf5 exf5 14. exf5 gxf5 15. Rhg1 Bf8 16. d5 h5 17. Bd4 Rh6 18. Bxf6 Rxf6 19. Qxh5+ Kd7 20. Qg5 Rf7 21. Bc4 c5 22. Rde1 a6 23. Qh5 Rf6 24. Re6 Rxe6 25. dxe6+ Kc6 26. Bd5+ Kb6 27. Qf7 Ka7 28. a3 c4 29. Rd1 Qc5 30. Kb1 Rc8 31. h5 Qc7 32. Qf6 Ng8 33. Qxf5 Bg7 34. Qh3 Rf8 35. Qe3+ Kb8 36. Ne4 Ne7 37. Ng5 Rf5 38. Be4 Rb5 39. c3 d5 40. Bc2 d4 41. Rxd4 Qb6 42. Qc1 Bxd4 43. cxd4 c3 44. b3 Qxd4 45. h6 a5 46. h7 a4 47. b4 Nd5 48. Nf7 Rxb4+ 49. axb4 Qxb4+ 50. Ka1 1-0

[Event "IPCA Wch 14th"]
[Site "Apatin"]
[Date "2014.09.21"]
[Round "7"]
[White "Vodyasov, Evgeny Ivanovich"]
[Black "Kovacevic, Krsto"]
[Result "1/2-1/2"]
[WhiteElo "2220"]
[BlackElo "2068"]
[PlyCount "43"]
[EventDate "2014.09.16"]
[EventType "swiss"]
[EventRounds "9"]
[EventCountry "SRB"]
[SourceTitle "CBM 162 Extra"]
[Source "ChessBase"]
[SourceDate "2014.10.17"]
[SourceVersion "1"]
[SourceVersionDate "2014.10.17"]
[SourceQuality "1"]

1. d4 Nf6 2. c4 e6 3. g3 d5 4. Nf3 Bb4+ 5. Bd2 Be7 6. Bg2 0-0 7. 0-0 Ne4 8. Qc2 c6 9. Bf4 Nd7 10. Nc3 Nxc3 11. Qxc3 Nf6 12. Nd2 Nh5 13. Nf3 Nxf4 14. gxf4 b5 15. c5 a5 16. Kh1 Qc7 17. e3 Bd7 18. Rg1 Be8 19. Qc2 f5 20. Ne5 Bf6 21. Bf3 Bxe5 22. dxe5 1/2-1/2

[Event "IPCA Wch 14th"]
[Site "Apatin"]
[Date "2014.09.20"]
[Round "6"]
[White "Kovacevic, Krsto"]
[Black "Balberov, Alexander"]
[Result "1/2-1/2"]
[WhiteElo "2068"]
[BlackElo "2380"]
[PlyCount "84"]
[EventDate "2014.09.16"]
[EventType "swiss"]
[EventRounds "9"]
[EventCountry "SRB"]
[SourceTitle "CBM 162 Extra"]
[Source "ChessBase"]
[SourceDate "2014.10.17"]
[SourceVersion "1"]
[SourceVersionDate "2014.10.17"]
[SourceQuality "1"]

1. e4 c5 2. Nf3 e6 3. d3 Nc6 4. g3 d5 5. Nbd2 Nf6 6. Bg2 Be7 7. 0-0 Qc7 8. Re1 b6 9. c3 Ba6 10. exd5 Nxd5 11. d4 cxd4 12. Nxd4 Nxd4 13. Qa4+ Kf8 14. Qxd4 Rd8 15. Qa4 Bb7 16. Nf3 Bc6 17. Qb3 Nf6 18. Nd4 Bxg2 19. Kxg2 Bc5 20. Bg5 Bxd4 21. cxd4 h6 22. Bxf6 Qb7+ 23. Qf3 Qxf3+ 24. Kxf3 gxf6 25. Ke3 Ke7 26. Rac1 Rd7 27. Rc4 Rhd8 28. Rec1 Rd5 29. Rc7+ R8d7 30. Rxd7+ Kxd7 31. a4 f5 32. f3 h5 33. b4 a6 34. Rc3 f6 35. Rc2 Rd6 36. Rc3 Rc6 37. Rxc6 Kxc6 38. h3 Kd5 39. Kd3 f4 40. gxf4 b5 41. axb5 axb5 42. h4 f5 1/2-1/2

[Event "IPCA Wch-A 13th"]
[Site "Velke Losiny"]
[Date "2013.06.23"]
[Round "7"]
[White "Klimsa, Jiri"]
[Black "Kovacevic, Krsto"]
[Result "0-1"]
[WhiteElo "1952"]
[BlackElo "2121"]
[PlyCount "120"]
[EventDate "2013.06.18"]
[EventType "swiss"]
[EventRounds "9"]
[EventCountry "CZE"]
[SourceTitle "CBM 155 Extra"]
[Source "ChessBase"]
[SourceDate "2013.08.26"]
[SourceVersion "1"]
[SourceVersionDate "2013.08.26"]
[SourceQuality "1"]

1. c4 c5 2. Nc3 Nc6 3. g3 g6 4. Bg2 Bg7 5. e3 e5 6. Nge2 Nge7 7. 0-0 0-0 8. Nd5 d6 9. Nec3 Be6 10. h3 f5 11. Nxe7+ Qxe7 12. Nd5 Qd7 13. Kh2 Nb4 14. d3 Bxd5 15. Bxd5+ Nxd5 16. cxd5 b5 17. Bd2 a5 18. Rb1 a4 19. a3 Qb7 20. e4 Rfb8 21. f4 Rf8 22. fxe5 Bxe5 23. Bf4 Qe7 24. Bxe5 Qxe5 25. Qf3 Rae8 26. Rfe1 fxe4 27. Qxe4 Rf2+ 28. Kh1 Rf5 29. g4 Qxe4+ 30. dxe4 Rfe5 31. Rf1 Kg7 32. Rf2 Rxe4 33. Rbf1 Re1 34. g5 Rxf1+ 35. Rxf1 Re5 36. h4 Rxd5 37. Rf2 Rd4 38. Kg2 Rxh4 39. Kg3 Rd4 40. Re2 Kf7 41. Kf3 Rd5 42. Kf4 Rf5+ 43. Kg4 Re5 44. Rh2 Kg7 45. Rd2 d5 46. Rf2 d4 47. Rd2 h5+ 48. gxh6+ Kxh6 49. Kf4 Rf5+ 50. Kg4 Kg7 51. Kg3 Kf6 52. Re2 Re5 53. Rd2 Ke6 54. Kf3 Kd5 55. Kf4 g5+ 56. Kf3 Kc4 57. Kf2 b4 58. axb4 Kxb4 59. Kf1 a3 60. bxa3+ Kxa3 0-1

[Event "IPCA Wch-A 13th"]
[Site "Velke Losiny"]
[Date "2013.06.19"]
[Round "3"]
[White "Zavarsky, Juraj"]
[Black "Kovacevic, Krsto"]
[Result "1/2-1/2"]
[WhiteElo "1991"]
[BlackElo "2121"]
[PlyCount "25"]
[EventDate "2013.06.18"]
[EventType "swiss"]
[EventRounds "9"]
[EventCountry "CZE"]
[SourceTitle "CBM 155 Extra"]
[Source "ChessBase"]
[SourceDate "2013.08.26"]
[SourceVersion "1"]
[SourceVersionDate "2013.08.26"]
[SourceQuality "1"]

1. Nf3 Nf6 2. g3 d5 3. c4 c6 4. Bg2 dxc4 5. Qc2 Nbd7 6. Qxc4 e6 7. 0-0 Bd6 8. d4 0-0 9. Qc2 Qc7 10. Nc3 e5 11. Bg5 exd4 12. Nxd4 h6 13. Bd2 1/2-1/2

[Event "Zagreb op-A"]
[Site "Zagreb"]
[Date "2013.02.28"]
[Round "4"]
[White "Kovacevic, Krsto"]
[Black "Blazeka, Matej"]
[Result "1/2-1/2"]
[WhiteElo "2083"]
[BlackElo "2283"]
[PlyCount "28"]
[EventDate "2013.02.25"]
[EventType "swiss"]
[EventRounds "9"]
[EventCountry "CRO"]
[SourceTitle "CBM 153 Extra"]
[Source "ChessBase"]
[SourceDate "2013.04.22"]
[SourceVersion "1"]
[SourceVersionDate "2013.04.22"]
[SourceQuality "1"]

1. e4 e5 2. Nf3 Nc6 3. Bc4 Bc5 4. c3 Nf6 5. d3 d6 6. Bb3 a6 7. h3 Ba7 8. Nbd2 0-0 9. Nf1 Be6 10. Bc2 d5 11. Qe2 h6 12. Ng3 dxe4 13. dxe4 b5 14. Nh4 Ne7 1/2-1/2

[Event "Zagreb op-B"]
[Site "Zagreb"]
[Date "2012.03.09"]
[Round "5"]
[White "Foglia, Maurizio"]
[Black "Kovacevic, Krsto"]
[Result "1-0"]
[WhiteElo "2198"]
[BlackElo "2025"]
[PlyCount "57"]
[EventDate "2012.03.05"]
[EventType "swiss"]
[EventRounds "9"]
[EventCountry "CRO"]
[SourceTitle "CBM 147 Extra"]
[Source "ChessBase"]
[SourceDate "2012.04.24"]
[SourceVersion "1"]
[SourceVersionDate "2012.04.24"]
[SourceQuality "1"]

1. d4 Nf6 2. Nf3 e6 3. Bf4 c5 4. e3 b6 5. Bd3 Bb7 6. Nbd2 d5 7. c3 Nbd7 8. 0-0 Be7 9. Ne5 0-0 10. Qf3 Re8 11. Qh3 Nf8 12. Bb5 N8d7 13. Nc6 Qc8 14. Nxe7+ Rxe7 15. Bd6 Re8 16. Nf3 a6 17. Bd3 Ne4 18. Bf4 Nf8 19. Ne5 f6 20. Ng4 f5 21. Ne5 Nd7 22. f3 Nef6 23. g4 fxg4 24. Nxg4 g6 25. Rf2 Nh5 26. Be5 Re7 27. Nh6+ Kf8 28. Bd6 Qc6 29. Qxe6 1-0

[Event "Zagreb op-B"]
[Site "Zagreb"]
[Date "2012.03.07"]
[Round "3"]
[White "Gabre, Zeljko"]
[Black "Kovacevic, Krsto"]
[Result "1-0"]
[WhiteElo "2174"]
[BlackElo "2025"]
[PlyCount "67"]
[EventDate "2012.03.05"]
[EventType "swiss"]
[EventRounds "9"]
[EventCountry "CRO"]
[SourceTitle "CBM 147 Extra"]
[Source "ChessBase"]
[SourceDate "2012.04.24"]
[SourceVersion "1"]
[SourceVersionDate "2012.04.24"]
[SourceQuality "1"]

1. e4 c5 2. Nf3 d6 3. c3 Nf6 4. Be2 Nbd7 5. d3 g6 6. 0-0 Bg7 7. Bg5 0-0 8. Nbd2 b6 9. Nc4 b5 10. Ne3 Rb8 11. Qc2 Qc7 12. Nd2 e5 13. f4 h6 14. Bxf6 Nxf6 15. f5 Bd7 16. c4 b4 17. g4 Kh7 18. Nf3 gxf5 19. g5 Ng4 20. Nd5 Qd8 21. h3 h5 22. hxg4 hxg4 23. Nh4 f4 24. Kf2 Qxg5 25. Rh1 Kg8 26. Rag1 f5 27. Nf3 Qd8 28. Rh5 fxe4 29. dxe4 gxf3 30. Bxf3 Rb7 31. Ke1 Be6 32. Qh2 Bxd5 33. Rh8+ Kf7 34. Qh5+ 1-0

[Event "Zagreb op-B"]
[Site "Zagreb"]
[Date "2012.03.06"]
[Round "2"]
[White "Kovacevic, Krsto"]
[Black "Havas, Janko"]
[Result "1-0"]
[WhiteElo "2025"]
[BlackElo "2186"]
[PlyCount "76"]
[EventDate "2012.03.05"]
[EventType "swiss"]
[EventRounds "9"]
[EventCountry "CRO"]
[SourceTitle "CBM 147 Extra"]
[Source "ChessBase"]
[SourceDate "2012.04.24"]
[SourceVersion "1"]
[SourceVersionDate "2012.04.24"]
[SourceQuality "1"]

1. e4 c5 2. Nf3 d6 3. Bb5+ Bd7 4. Bxd7+ Qxd7 5. c4 Nc6 6. d4 cxd4 7. Nxd4 Nf6 8. Nc3 g6 9. 0-0 Bg7 10. Nde2 0-0 11. f3 Ne5 12. b3 a6 13. a4 Qc7 14. Be3 e6 15. h3 Rfe8 16. Rc1 Nfd7 17. f4 Nc6 18. Nb5 axb5 19. cxb5 Nf6 20. Qc2 Rec8 21. bxc6 Qxc6 22. Qxc6 Rxc6 23. Rxc6 bxc6 24. Rc1 c5 25. Nc3 Bf8 26. e5 dxe5 27. fxe5 Nd7 28. Ne4 Rb8 29. Rc3 Rb4 30. Nf6+ Nxf6 31. exf6 c4 32. bxc4 Rxa4 33. c5 Ra8 34. Bf4 Rc8 35. c6 h5 36. c7 Kh7 37. Rb3 Bc5+ 38. Kf1 g5 1-0

[Event "IPCA Wch-A 11th"]
[Site "Piestany"]
[Date "2011.07.07"]
[Round "6"]
[White "Tillmann, Marc"]
[Black "Kovacevic, Krsto"]
[Result "0-1"]
[WhiteElo "1954"]
[BlackElo "1965"]
[PlyCount "112"]
[EventDate "2011.07.02"]
[EventType "swiss"]
[EventRounds "9"]
[EventCountry "SVK"]
[SourceTitle "EXT 2012"]
[Source "ChessBase"]
[SourceDate "2011.11.24"]
[SourceVersion "1"]
[SourceVersionDate "2011.11.24"]
[SourceQuality "1"]

1. d4 Nf6 2. Nf3 e6 3. Bg5 c5 4. e3 Nc6 5. c3 cxd4 6. exd4 d5 7. Bd3 Qc7 8. Nbd2 Bd7 9. Qe2 Be7 10. Ne5 h6 11. Bh4 Nxe5 12. dxe5 Nh7 13. Bxe7 Kxe7 14. f4 f5 15. g4 g6 16. 0-0-0 Rag8 17. Rhg1 Ba4 18. Rdf1 Nf8 19. Rg3 Nd7 20. Rfg1 Qc8 21. gxf5 gxf5 22. Qg2 Rxg3 23. Qxg3 Rh7 24. Qh4+ Kf7 25. Qh5+ Ke7 26. Rg6 Qf8 27. Nf3 Qf7 28. Qh4+ Ke8 29. Rxh6 Rxh6 30. Qxh6 Nc5 31. Be2 Kd7 32. Ng5 Qe7 33. h4 Ne4 34. Qh7 Ng3 35. Bd3 Qxh7 36. Nxh7 Nh5 37. Nf6+ Nxf6 38. exf6 Ke8 39. c4 dxc4 40. Bxc4 Kf7 41. h5 Kxf6 42. h6 Bd7 43. Kd2 b5 44. Bb3 a5 45. a3 a4 46. Ba2 Kg6 47. Kd3 Kxh6 48. Kd4 Kh5 49. Ke5 Kg4 50. Kd6 Kxf4 51. Kxd7 e5 52. Bb1 e4 53. Ke6 Kf3 54. Kxf5 e3 55. Bd3 e2 56. Bxe2+ Kxe2 0-1